The capital's property (Record no. 93545)
[ view plain ]
| 000 -LEADER | |
|---|---|
| fixed length control field | 01246cam a2200253 4500 |
| 001 - CONTROL NUMBER | |
| control field | B3273 |
| 008 - FIXED-LENGTH DATA ELEMENTS--GENERAL INFORMATION | |
| fixed length control field | 1990 ad s |
| 035 ## - SYSTEM CONTROL NUMBER | |
| System control number | (Sirsi) u55042 |
| 041 ## - LANGUAGE CODE | |
| Language code of text/sound track or separate title | eng |
| 050 ## - LIBRARY OF CONGRESS CALL NUMBER | |
| Classification number | 333.33 $2 18 |
| 110 ## - MAIN ENTRY--CORPORATE NAME | |
| Corporate name or jurisdiction name as entry element | Baker Harris Saunders |
| 245 #4 - TITLE STATEMENT | |
| Title | The capital's property |
| Remainder of title | an introduction to the London office market |
| 260 ## - PUBLICATION, DISTRIBUTION, ETC. | |
| Place of publication, distribution, etc. | London |
| Name of publisher, distributor, etc. | Baker Harris Saunders |
| Date of publication, distribution, etc. | 1990 |
| 300 ## - PHYSICAL DESCRIPTION | |
| Extent | 45p. |
| Other physical details | ill. |
| Dimensions | 30cm. |
| 350 ## - PRICE (NR) (BK AM CF MU VM SE) [OBSOLETE] | |
| Price | 18.25 |
| 505 2# - FORMATTED CONTENTS NOTE | |
| Formatted contents note | Introduction -- London today -- The UK planning system -- Leases -- Issues for the London market -- Evolution -- London offices-sub markets -- The property adviser - Fact sheet-London offices |
| 520 ## - SUMMARY, ETC. | |
| Summary, etc. | Provides a guide to finance and investment in the London office market for potential investors. Observes that it is difficult to fully understand the London office market without an understanding of how it has evolved. Highlights the importance of fragmented land ownership, the planning system and the relevant regulatory and legislative framework impacting on the context of market development. |
| 521 ## - TARGET AUDIENCE NOTE | |
| Target audience note | Advanced |
| 650 ## - SUBJECT ADDED ENTRY--TOPICAL TERM | |
| Topical term or geographic name entry element | OFFICES |
| 651 #4 - SUBJECT ADDED ENTRY--GEOGRAPHIC NAME | |
| Geographic name | London |
| 690 ## - LOCAL SUBJECT ADDED ENTRY--TOPICAL TERM (OCLC, RLIN) | |
| Topical term or geographic name as entry element | PROPERTY-COMMERCIAL PROPERTY-COMMERCIAL PROPERTY MARKET |
| 942 ## - ADDED ENTRY ELEMENTS (KOHA) | |
| Suppress in OPAC | 0 |
| 948 ## - LOCAL PROCESSING INFORMATION (OCLC); SERIES PART DESIGNATOR (RLIN) | |
| c (OCLC) | 04/03/1997 |
| Withdrawn status | Lost status | Source of classification or shelving scheme | Damaged status | Not for loan | Home library | Current library | Shelving location | Date acquired | Cost, normal purchase price | Total Checkouts | Full call number | Barcode | Date last seen | Copy number | Cost, replacement price | Price effective from | Koha item type |
|---|---|---|---|---|---|---|---|---|---|---|---|---|---|---|---|---|---|
| Dewey Decimal Classification | London | London | Property market reports | 14/09/1999 | 18.25 | PROPERTY MARKET REPORT | 30030828 | 06/08/2019 | 1 | 18.25 | 06/08/2019 | Reference material |